[Event "HUN-chT2 Asztalos 2223"]
[Site "Hungary"]
[Date "2023.02.19"]
[Round "6.9"]
[White "Pais, Nimrod"]
[Black "Kohalmi, Endre"]
[Result "0-1"]
[WhiteElo "1874"]
[BlackElo "1781"]
[PlyCount "70"]
[EventDate "2022.11.20"]
[EventType "team-tourn"]
[EventRounds "10"]
[EventCountry "HUN"]
[SourceTitle "EXT 2025"]
[Source "ChessBase"]
[SourceDate "2024.10.14"]
[SourceVersion "1"]
[SourceVersionDate "2024.10.14"]
[SourceQuality "1"]
[WhiteTeam "Fehervar"]
[BlackTeam "Komlo Banyasz II"]
[WhiteTeamCountry "HUN"]
[BlackTeamCountry "HUN"]

1. e4 c6 2. d4 d5 3. Nc3 a6 4. exd5 cxd5 5. Nf3 Bg4 6. Be2 e6 7. h3 Bh5 8. g4 Bg6 9. Ne5 Ne7 10. h4 h6 11. Nxg6 Nxg6 12. h5 Ne7 13. Qd3 Nec6 14. Be3 Bd6 15. Qd2 Qc7 16. a3 Nd7 17. Nd1 Rc8 18. b3 Nf6 19. Ra2 Qe7 20. b4 Ne4 21. Qd3 Qc7 22. Kf1 0-0 23. c4 f5 24. c5 Bf4 25. Kg2 Rf7 26. Rh3 Rcf8 27. f3 fxg4 28. fxg4 Ng5 29. Rh1 Bxe3 30. Qxe3 Ne4 31. Rh3 e5 32. dxe5 Qxe5 33. Bf3 Rf4 34. Rf2 Nxf2 35. Qxe5 Nxe5 0-1

[Event "HUN-chT2 Asztalos 2223"]
[Site "Hungary"]
[Date "2023.01.29"]
[Round "4.9"]
[White "Pais, Nimrod"]
[Black "Kaszas, Kristof"]
[Result "1/2-1/2"]
[WhiteElo "1874"]
[BlackElo "1815"]
[PlyCount "71"]
[EventDate "2022.11.20"]
[EventType "team-tourn"]
[EventRounds "10"]
[EventCountry "HUN"]
[SourceTitle "EXT 2025"]
[Source "ChessBase"]
[SourceDate "2024.10.14"]
[SourceVersion "1"]
[SourceVersionDate "2024.10.14"]
[SourceQuality "1"]
[WhiteTeam "Fehervar"]
[BlackTeam "Decs 1990"]
[WhiteTeamCountry "HUN"]
[BlackTeamCountry "HUN"]

1. e4 c5 2. Nf3 e6 3. d4 cxd4 4. Nxd4 a6 5. Nc3 Qc7 6. Bd3 Nf6 7. 0-0 Nc6 8. Nxc6 dxc6 9. Be3 b5 10. f4 Bb7 11. e5 Nd5 12. Nxd5 cxd5 13. Qe2 Be7 14. Rae1 Bh4 15. Bf2 Bxf2+ 16. Qxf2 h6 17. f5 0-0-0 18. Qd4 Rhf8 19. a4 bxa4 20. Ra1 Bc6 21. Bxa6+ Kb8 22. Kh1 Qa7 23. Qb4+ Kc7 24. fxe6 Rb8 25. Qd6+ Kb6 26. Bd3 Qc7 27. Rxf7 Qxd6 28. exd6 Rxf7 29. exf7 Rf8 30. Bg6 Kc5 31. b3 axb3 32. cxb3 Kxd6 33. Re1 Bd7 34. h4 Be6 35. b4 d4 36. Kg1 1/2-1/2

[Event "HUN-chT2 Breyer 2122"]
[Site "Hungary"]
[Date "2021.12.05"]
[Round "3.9"]
[White "Lengyel, Sandor"]
[Black "Pais, Nimrod"]
[Result "0-1"]
[WhiteElo "1838"]
[BlackElo "1886"]
[PlyCount "94"]
[EventDate "2021.10.10"]
[EventType "team-tourn"]
[EventRounds "9"]
[EventCountry "HUN"]
[SourceTitle "EXT 2025"]
[Source "ChessBase"]
[SourceDate "2024.10.14"]
[SourceVersion "1"]
[SourceVersionDate "2024.10.14"]
[SourceQuality "1"]
[WhiteTeam "Tatabanya"]
[BlackTeam "Fehervar"]
[WhiteTeamCountry "HUN"]
[BlackTeamCountry "HUN"]

1. e4 c5 2. c3 e6 3. d4 d5 4. exd5 Qxd5 5. Nf3 Nf6 6. Bd3 Be7 7. 0-0 0-0 8. Na3 cxd4 9. Nb5 Na6 10. Nbxd4 Nc5 11. Be2 a6 12. Bf4 Rd8 13. Ne5 Qe4 14. Bg3 h6 15. Re1 Qh7 16. b4 Ncd7 17. Bd3 g6 18. Qc2 Nxe5 19. Bxe5 Nd5 20. a3 Bd7 21. c4 Rac8 22. Qb3 Nb6 23. a4 Be8 24. a5 Nd7 25. Bg3 Bf6 26. Nxe6 fxe6 27. Rad1 Nf8 28. c5 Kh8 29. Bd6 Bf7 30. Bc4 Qg7 31. Qf3 Bg8 32. Rd3 Nh7 33. Qg4 Re8 34. Rde3 Rcd8 35. Bd3 g5 36. Be4 Bd4 37. R3e2 e5 38. Qf3 Rd7 39. Qh5 Bf7 40. Qg4 Nf6 41. Qf3 Bh5 42. Qh3 Bxe2 43. Rxe2 Nxe4 44. Rxe4 Rf7 45. Re2 Qf6 46. Qg3 Qf4 47. Bxe5+ Rxe5 0-1

[Event "HUN-chT2 Breyer 1819"]
[Site "Hungary"]
[Date "2019.03.31"]
[Round "8.10"]
[White "Pais, Nimrod"]
[Black "Nemeth, Csaba"]
[Result "1/2-1/2"]
[WhiteElo "1959"]
[BlackElo "1761"]
[PlyCount "45"]
[EventDate "2018.10.28"]
[EventType "team-tourn"]
[EventRounds "9"]
[EventCountry "HUN"]
[SourceTitle "EXT 2021"]
[Source "ChessBase"]
[SourceDate "2020.10.23"]
[SourceVersion "1"]
[SourceVersionDate "2020.10.23"]
[SourceQuality "1"]
[WhiteTeam "Szekesfehervar"]
[BlackTeam "Nyergesujfalu"]
[WhiteTeamCountry "HUN"]
[BlackTeamCountry "HUN"]

1. d4 d5 2. e3 Nf6 3. Bd3 e6 4. Nd2 c5 5. c3 Nc6 6. f4 c4 7. Bc2 b5 8. Qf3 g6 9. Ne2 Bg7 10. h3 h5 11. 0-0 Bb7 12. b3 Rb8 13. bxc4 bxc4 14. Ba3 Bf8 15. Bxf8 Kxf8 16. Rab1 Kg7 17. g4 hxg4 18. hxg4 Rh4 19. g5 Ng4 20. Rfe1 Nh2 21. Qg2 Ng4 22. Nf1 Qh8 23. Neg3 1/2-1/2

[Event "HUN-chT2 Breyer 1718"]
[Site "Hungary"]
[Date "2017.11.26"]
[Round "4.7"]
[White "Pais, Nimrod"]
[Black "Bognar, Attila"]
[Result "1/2-1/2"]
[WhiteElo "1999"]
[BlackElo "1831"]
[PlyCount "94"]
[EventDate "2017.09.24"]
[EventType "team-tourn"]
[EventRounds "11"]
[EventCountry "HUN"]
[SourceTitle "EXT 2021"]
[Source "ChessBase"]
[SourceDate "2020.10.23"]
[SourceVersion "1"]
[SourceVersionDate "2020.10.23"]
[SourceQuality "1"]
[WhiteTeam "Szekesfehervar"]
[BlackTeam "Nyergesujfalu"]
[WhiteTeamCountry "HUN"]
[BlackTeamCountry "HUN"]

1. d4 d6 2. e4 e5 3. Nf3 exd4 4. Nxd4 Nf6 5. Nc3 a6 6. a4 Be7 7. Be2 Bd7 8. 0-0 Nc6 9. Be3 0-0 10. Re1 Nxd4 11. Bxd4 Bc6 12. Bd3 Qd7 13. Qe2 Rfe8 14. h3 Rad8 15. a5 Qc8 16. Qf3 Nd7 17. Qg3 Bf6 18. Bxf6 Nxf6 19. f4 Nd7 20. Re3 Nc5 21. Rae1 Nxd3 22. cxd3 Rd7 23. d4 Rde7 24. d5 Bd7 25. e5 Bf5 26. Qf3 dxe5 27. fxe5 h6 28. g4 Bh7 29. Qf4 Kf8 30. Kh2 Qb8 31. g5 h5 32. Kg3 b6 33. axb6 Qxb6 34. R1e2 a5 35. h4 Rb8 36. Rf3 Qb4 37. Ref2 Qxf4+ 38. Rxf4 Bg6 39. e6 Kg8 40. exf7+ Rxf7 41. Rxf7 Bxf7 42. Rd2 Rd8 43. Kf4 Bg6 44. Ke5 Kf7 45. Rf2+ Ke7 46. Nb5 Kd7 47. Nc3 Rb8 1/2-1/2

[Event "Fejer County-ch"]
[Site "Fejer Region"]
[Date "2016.11.06"]
[Round "4"]
[White "Raba, Rudolf"]
[Black "Pais, Nimrod"]
[Result "0-1"]
[WhiteElo "1714"]
[BlackElo "1992"]
[PlyCount "92"]
[EventDate "2016.11.05"]
[EventType "swiss"]
[EventRounds "7"]
[EventCountry "HUN"]
[SourceTitle "EXT 2018"]
[Source "ChessBase"]
[SourceDate "2017.10.13"]
[SourceVersion "1"]
[SourceVersionDate "2017.10.13"]
[SourceQuality "1"]

1. e4 d5 2. exd5 Nf6 3. Nc3 Nxd5 4. Nf3 Nf6 5. Bc4 e6 6. 0-0 Be7 7. Re1 0-0 8. Qe2 c6 9. a3 h6 10. d4 Bd6 11. Ne5 Re8 12. Bf4 Bf8 13. Rad1 Nbd7 14. b4 Nb6 15. Bd3 a6 16. Qd2 Nbd5 17. Nxd5 Nxd5 18. Bg3 Qg5 19. f4 Qd8 20. c4 Ne7 21. Bf2 Qc7 22. Bc2 f5 23. Qe2 g6 24. Rd3 Bg7 25. Rf3 Bxe5 26. fxe5 Kf7 27. Be3 h5 28. Ref1 Rg8 29. Rh3 Bd7 30. Kh1 Ke8 31. Bg5 Bc8 32. Bb3 a5 33. d5 cxd5 34. Bxe7 Qxe7 35. cxd5 axb4 36. d6 Qd7 37. axb4 Qc6 38. Qb2 Bd7 39. Rc3 Qb5 40. Rc4 h4 41. Rfc1 g5 42. Rc7 Rg6 43. h3 g4 44. Rxd7 Kxd7 45. Rc6 Kd8 46. Bc4 Qxb4 0-1

[Event "HUN-chT2 Asztalos 1516"]
[Site "Hungary"]
[Date "2016.04.03"]
[Round "10.9"]
[White "Bernath, Bence"]
[Black "Pais, Nimrod"]
[Result "0-1"]
[WhiteElo "1307"]
[BlackElo "2003"]
[PlyCount "150"]
[EventDate "2015.09.13"]
[EventType "team-tourn"]
[EventRounds "11"]
[EventCountry "HUN"]
[SourceTitle "EXT 2017"]
[Source "ChessBase"]
[SourceDate "2016.10.25"]
[SourceVersion "1"]
[SourceVersionDate "2016.10.25"]
[SourceQuality "1"]
[WhiteTeam "Pet"]
[BlackTeam "Fehervar"]
[WhiteTeamCountry "HUN"]
[BlackTeamCountry "HUN"]

1. e4 e6 2. d4 d5 3. Nc3 Bb4 4. e5 Ne7 5. a3 Bxc3+ 6. bxc3 c5 7. Qg4 Nf5 8. Bd3 h5 9. Qg5 Qxg5 10. Bxg5 Nc6 11. Nf3 c4 12. Bxf5 exf5 13. 0-0 Be6 14. Rab1 b6 15. Rfe1 0-0 16. Kh1 Rfc8 17. Ng1 Rc7 18. Nh3 Rd7 19. Nf4 g6 20. Re3 Re8 21. Bf6 Ne7 22. Rbe1 Kh7 23. Bg5 Ng8 24. Rh3 Kg7 25. Ree3 Rc8 26. Reg3 Kf8 27. Rh4 Rc6 28. Nxe6+ Rxe6 29. Re3 b5 30. Kg1 Rb7 31. Kf1 Ra6 32. Rhh3 Rbb6 33. Re1 Rxa3 34. Rhe3 Re6 35. Rb1 a6 36. Ke1 Ke8 37. Kd2 Kd7 38. Ree1 Ne7 39. Bxe7 Kxe7 40. Ra1 Rxa1 41. Rxa1 Kd7 42. f4 Kc7 43. h4 Kb6 44. g3 a5 45. Kc1 Re7 46. Kb2 Ra7 47. Ra2 b4 48. cxb4 axb4 49. Rxa7 Kxa7 50. Ka1 Kb6 51. Kb2 Kb5 52. c3 Ka4 53. Ka2 bxc3 54. Ka1 Kb3 55. Kb1 c2+ 56. Kc1 Kb4 57. Kxc2 c3 58. g4 hxg4 59. Kd3 Kb3 60. Ke2 Kb2 61. h5 gxh5 62. e6 fxe6 63. Ke3 c2 64. Kd3 c1R 65. Ke2 Kc3 66. Ke3 Rd1 67. Ke2 Rxd4 68. Ke3 Re4+ 69. Kf2 h4 70. Kg2 Rxf4 71. Kh2 Kd3 72. Kg2 Ke2 73. Kh2 Kf2 74. Kh1 Rf3 75. Kh2 Rh3# 0-1

[Event "HUN-chT2 Asztalos 1516"]
[Site "Hungary"]
[Date "2016.03.20"]
[Round "9.8"]
[White "Samu, Jozsef"]
[Black "Pais, Nimrod"]
[Result "0-1"]
[WhiteElo "1711"]
[BlackElo "2003"]
[PlyCount "67"]
[EventDate "2015.09.13"]
[EventType "team-tourn"]
[EventRounds "11"]
[EventCountry "HUN"]
[SourceTitle "EXT 2017"]
[Source "ChessBase"]
[SourceDate "2016.10.25"]
[SourceVersion "1"]
[SourceVersionDate "2016.10.25"]
[SourceQuality "1"]
[WhiteTeam "Kiraly Sakk"]
[BlackTeam "Fehervar"]
[WhiteTeamCountry "HUN"]
[BlackTeamCountry "HUN"]

1. d4 Nf6 2. f4 g6 3. e3 Bg7 4. Nf3 0-0 5. Bd3 d6 6. 0-0 Nc6 7. c3 e5 8. Nbd2 Qe7 9. fxe5 dxe5 10. Bb5 Ng4 11. Nb3 e4 12. Bxc6 bxc6 13. h3 exf3 14. hxg4 fxg2 15. Kxg2 Qh4 16. Qf3 Qxg4+ 17. Qxg4 Bxg4 18. e4 Rfe8 19. e5 Bf5 20. Bg5 Rab8 21. Rf2 Be6 22. Raf1 Bc4 23. Rd1 Rb5 24. Nc1 f5 25. b3 Bd5+ 26. Kg3 Be4 27. b4 Rd5 28. Ne2 Rexe5 29. dxe5 Rxd1 30. Bf6 Kf7 31. Nd4 Rd3+ 32. Kh2 Rxc3 33. Rd2 Bh6 34. Rd1 0-1

[Event "HUN-chT2 Asztalos 1415"]
[Site "Hungary"]
[Date "2015.04.26"]
[Round "9"]
[White "Pais, Nimrod"]
[Black "Szabo, Robert"]
[Result "1/2-1/2"]
[WhiteElo "2008"]
[BlackElo "1445"]
[PlyCount "70"]
[EventDate "2014.10.12"]
[EventType "team-tourn"]
[EventRounds "9"]
[EventCountry "HUN"]
[SourceTitle "EXT 2016"]
[Source "ChessBase"]
[SourceDate "2015.10.08"]
[SourceVersion "1"]
[SourceVersionDate "2015.10.08"]
[SourceQuality "1"]
[WhiteTeam "Fehervar"]
[BlackTeam "Peti MTE"]
[WhiteTeamCountry "HUN"]
[BlackTeamCountry "HUN"]

1. d4 Nf6 2. Bg5 e6 3. e4 Be7 4. Nd2 0-0 5. h3 d6 6. Ngf3 Nbd7 7. Bd3 b6 8. 0-0 Bb7 9. Qe2 c5 10. c3 e5 11. Rad1 Qc7 12. d5 Rfe8 13. c4 Nf8 14. Rfe1 Ng6 15. Nf1 Rad8 16. Qd2 Bc8 17. Ng3 Bd7 18. Nf5 Nh5 19. Bxe7 Nxe7 20. Nxe7+ Rxe7 21. Qg5 Nf6 22. Qh4 h6 23. g4 Qc8 24. Nh2 Rde8 25. Re3 Nh7 26. Qg3 f6 27. Nf3 Ng5 28. Nh2 Nh7 29. Kh1 g5 30. Qf3 Rf7 31. Nf1 Nf8 32. Ng3 Ng6 33. Rg1 Nf4 34. Bf1 Rh7 35. Nh5 Kf7 1/2-1/2

[Event "HUN-chT2 Asztalos 1415"]
[Site "Hungary"]
[Date "2014.11.30"]
[Round "3.10"]
[White "Pais, Nimrod"]
[Black "Revesz, Denes"]
[Result "1/2-1/2"]
[WhiteElo "2008"]
[BlackElo "1620"]
[PlyCount "108"]
[EventDate "2014.10.12"]
[EventType "team-tourn"]
[EventRounds "9"]
[EventCountry "HUN"]
[SourceTitle "EXT 2016"]
[Source "ChessBase"]
[SourceDate "2015.10.08"]
[SourceVersion "1"]
[SourceVersionDate "2015.10.08"]
[SourceQuality "1"]
[WhiteTeam "Fehervar"]
[BlackTeam "Kaposvar Bastya"]
[WhiteTeamCountry "HUN"]
[BlackTeamCountry "HUN"]

1. d4 d6 2. e4 Nf6 3. f3 g6 4. Be3 Bg7 5. Qd2 c6 6. c3 Nbd7 7. Bd3 Qc7 8. Ne2 c5 9. 0-0 0-0 10. Na3 a6 11. Rac1 b5 12. Bb1 Bb7 13. Rfd1 Rad8 14. Qe1 Qb8 15. Qf2 c4 16. Ng3 e5 17. Nc2 a5 18. a3 Rc8 19. Ne1 Rfd8 20. Ne2 Ba6 21. g4 Kh8 22. Ng3 Rg8 23. Ng2 Rgf8 24. Qd2 Qc7 25. Bf2 Rcd8 26. h4 Rfe8 27. h5 Nb8 28. Nh4 Bc8 29. h6 Bf8 30. g5 Ng8 31. Be3 Qe7 32. Ng2 Qe6 33. Kf2 Be7 34. Rh1 Rf8 35. Ke2 f6 36. gxf6 Bxf6 37. Rcf1 Ba6 38. d5 Qe7 39. f4 Bc8 40. f5 g5 41. Nh5 Bd7 42. Bb6 Rc8 43. Ne3 Be8 44. Ng4 Bxh5 45. Rxh5 Qf7 46. Rfh1 Nd7 47. Be3 Nc5 48. Bxg5 b4 49. axb4 axb4 50. cxb4 Nb3 51. Qe3 Nd4+ 52. Kf2 Qb7 53. Nxf6 Nxf6 54. Bxf6+ Rxf6 1/2-1/2

[Event "Balatonalmadi Pannonia Cup 18th"]
[Site "Balatonalmadi"]
[Date "2013.07.26"]
[Round "4"]
[White "Pais, Nimrod"]
[Black "Jeszenszky, Jozsef"]
[Result "0-1"]
[WhiteElo "2040"]
[BlackElo "1955"]
[PlyCount "68"]
[EventDate "2013.07.24"]
[EventType "swiss"]
[EventRounds "7"]
[EventCountry "HUN"]
[SourceTitle "EXT 2016"]
[Source "ChessBase"]
[SourceDate "2015.10.08"]
[SourceVersion "1"]
[SourceVersionDate "2015.10.08"]
[SourceQuality "1"]

1. d4 Nf6 2. Nf3 g6 3. e3 Bg7 4. Bd3 0-0 5. 0-0 d6 6. c4 Nbd7 7. Nc3 e5 8. Qc2 c6 9. Rd1 Qe7 10. b3 Re8 11. Be2 e4 12. Nd2 h5 13. Ba3 Nf8 14. h3 N8h7 15. Re1 Bf5 16. Qd1 Bh6 17. b4 h4 18. Bf1 Ng5 19. Bb2 Kh7 20. a4 Qd7 21. Kh2 d5 22. Qb3 Bf8 23. c5 Be7 24. b5 Bd8 25. Ne2 Bc7+ 26. Nf4 Nh5 27. g3 Nxf4 28. exf4 Nxh3 29. Bxh3 Bxh3 30. Qe3 Qg4 31. Kh1 Kg7 32. Rg1 Rh8 33. Ra3 hxg3 34. Rxg3 Qd1+ 0-1